书目信息 |
| 题名: |
探索基因组学、蛋白质组学和生物信息学
|
|
| 作者: | 坎贝尔 , 海尔 著 ;孙之荣 译 | |
| 分册: | ||
| 出版信息: | 北京 科学出版社 2004.7 |
|
| 页数: | 454页 | |
| 开本: | 26cm | |
| 丛书名: | ||
| 单 册: | ||
| 中图分类: | Q343.2 , Q811.4 | |
| 科图分类: | ||
| 主题词: | 基因组--研究 , 蛋白质--研究 , 生物信息学--研究 , 基因组 , 蛋白质 , 生物信息学 | |
| 电子资源: | ||
| ISBN: | 7-03-012921-0 | |
| 000 | 01165nam0 2200349 45 | |
| 001 | 012004000000 | |
| 005 | 20050107104808.22 | |
| 010 | @a7-03-012921-0@dCNY 58.00 | |
| 100 | @a20040920d2004 em y0chiy0121 ea | |
| 101 | 1 | @achi@ceng |
| 102 | @aCN@b110000 | |
| 105 | @aak z 000yy | |
| 200 | 1 | @a探索基因组学、蛋白质组学和生物信息学@Atan suo ji yin zu xue dan bai zhi zu xue he sheng wu xin xi xue@f(美)A.马尔科姆·坎贝尔, 劳里·J. 海尔著@g孙之荣译 |
| 210 | @a北京@c科学出版社@d2004.7 | |
| 215 | @a454页@c图, 表格@d26cm@e附光盘1片 | |
| 307 | @a附光盘: ISBN 7-900146-52-0 | |
| 312 | @a封面并列题名: Discovering genomics, proteomics & bioinformatics | |
| 320 | @a本书含参考文献 | |
| 510 | 1 | @aDiscovering genomics, proteomics & bioinformatics@zeng |
| 606 | 0 | @a基因组@x研究 |
| 606 | 0 | @a蛋白质@x研究 |
| 606 | 0 | @a生物信息学@x研究 |
| 606 | 0 | @a基因组 |
| 606 | 0 | @a蛋白质 |
| 606 | 0 | @a生物信息学 |
| 690 | @aQ343.2@v4 | |
| 690 | @aQ811.4@v4 | |
| 701 | 1 | @a坎贝尔@Akan bei er@bA.马尔科姆@4著 |
| 701 | 1 | @a海尔@Ahai er@b劳里·J.@4著 |
| 702 | 0 | @a孙之荣@Asun zhi rong@4译 |
| 801 | 0 | @aCN@bQSSKlw@c20050107 |
| 905 | @a10447@dQ343.2@eM041 | |
| 探索基因组学、蛋白质组学和生物信息学/(美)A.马尔科姆·坎贝尔, 劳里·J. 海尔著/孙之荣译.-北京:科学出版社,2004.7 |
| 454页:图, 表格;26cm+附光盘1片 |
| ISBN 7-03-012921-0:CNY 58.00 |
| ● |
| 相关链接 |
|
|
|
正题名:探索基因组学、蛋白质组学和生物信息学
索取号:Q343.2/M041
 
预约/预借
| 序号 | 登录号 | 条形码 | 馆藏地/架位号 | 状态 | 备注 |
| 1 | 435453 | 204354536 | 自科库401/401自科库 27排3列3层/ [索取号:Q343.2/M041] | 在馆 | |
| 2 | 435454 | 204354545 | 自科库401/401自科库 27排3列3层/ [索取号:Q343.2/M041] | 在馆 | |
| 3 | 546073 | 205460730 | 自科库401/401自科库 29排3列4层/ [索取号:Q343.2/M041] | 在馆 | |
| 4 | 546074 | 205460749 | 自科库401/401自科库 29排3列4层/ [索取号:Q343.2/M041] | 在馆 | |
| 5 | 546075 | 205460758 | 自科库401/401自科库 29排3列4层/ [索取号:Q343.2/M041] | 在馆 |